Historijski pogledi | Center for Research of Modern and Contemporary History Tuzla

Bibliografiset tiedot
Aineistotyyppi: Elektroninen Aikakauslehti
Kieli:English
Julkaistu: Cambridge University Press
Linkit:Full text available on Research4Life (HINARI,AGORA,OARE,ARDI & GOALI)
LEADER 00776cas a2200181 a 4500
001 AALejournalResearch4Life015263
008 240902c9999 xx r poo 0 0eng d
022 |a 26371502 
022 |a 27120651 
040 |a BD-DhAAL  |c BD-DhAAL 
245 0 0 |h [electronic resource]  |a Historijski pogledi | Center for Research of Modern and Contemporary History Tuzla 
260 |b Cambridge University Press 
300 |a 1 online resource 
362 0 |a 2018 - current issue 
500 |a <strong>On-Campus Access Only (IP based access)</strong> 
506 |a Electronic access restricted to authorized BRAC University faculty, staff and students 
538 |a Mode of access: Internet 
856 4 0 |z Full text available on Research4Life (HINARI,AGORA,OARE,ARDI & GOALI)  |u http://pogledi.cimoshis.org/